00393nam a2200169Ia 4500008004100000041000800041082001300049100001500062245004500077250000600122260003700128300000800165365000800173500001500181520001400196650001300210230512s9999 xx 000 0 und d aeng a658.4038 aMATTISON R aWEB WAREHOUSING AND KNOWLEDGE MANAGEMENT a1 bT M H PUB. CO. NEW DELHI 110008 a576 b386 aPaper Back aText Book aComputer